01283 a2200373 45000010006000000050017000060080041000230030015000640400040000790800093001192450070002122640051002823000025003335050133003580410008004911000024004997000018005237000030005417000022005717000017005937000025006107000021006357000032006567000019006887000020007077000020007277000025007477000020007727000021007927000020008137000023008337000021008567000032008775943520260407155848.0260407a1964 arg spa dAR-UNSa-BCEJYS aAR-UNSa-BCEJYSbspacAR-UNSa-BCEJYS a339.92xCooperación económica internacional. Integración económica internacional10aIntegración de la América Latinapexperiencias y perspectivas 1aMéxico :bFondo de Cultura Económicac1964 axxxi, 381 p.c21 cm. a1. Enfoques teóricos - 2. La asociación latinoamericana de libre comercio - 3. El programa de integración centroamericana  aspa1 aWionczek, Miguel S.1 aBalassa, Bela1 aLinder, Staffan Burenstam1 aKitamura, Hiroshi1 aDell, Sidney1 aMagariños, Gustavo1 aPrebisch, Raúl1 aGarcía Reynoso, Plácido1 aTinbergen, Jan1 aAngulo, Enrique1 aHerrera, Felipe1 aMikesell, Raymond F.1 aGalveas, Ernane1 aSiegel, Barry N.1 aTriffin, Robert1 aMoscarella, Joseph1 aMills, Joseph C.1 aGonzález del Valle, Jorge